000 00760nam a2200229Ia 4500
003 GCL
008 140319s9999 xx 000 0 ara d
040 _aGCL /
_cGCL
082 0 4 _a348.04
_bج ع
100 1 _aاحمد رائف
245 1 0 _aعلى هامش محاكمات نورمبرج مجرمو الحرب والتعذيب فى ظلال المشانق /
_cاحمد رائف
700 1 _aجلبرت، ج. م
260 _a[S.N] :
_bالزهراء للاعلام العربى ،
_c1991
300 _a734 ص
490 _a
650 0 4 _aالمانيا
650 0 4 _aمحاكمات جرائم الحرب
650 0 4 _aالنازية
650 0 4 _aاوربا
650 0 4 _aالحرب العالمية الثانية 1939 - 1945
942 _2ddc
_cBK
999 _c55602
_d55602